[Event "FRA-chT Top 16 Gp Basse"]
[Site "Chartres"]
[Date "2023.06.09"]
[Round "2.2"]
[White "Philippe, Christophe"]
[Black "Schippke, Manon"]
[Result "0-1"]
[WhiteElo "2347"]
[BlackElo "2097"]
[PlyCount "118"]
[EventDate "2023.06.08"]
[EventType "team-tourn"]
[EventRounds "4"]
[EventCountry "FRA"]
[SourceTitle "CBM 214 Extra"]
[Source "ChessBase"]
[SourceDate "2023.07.31"]
[SourceVersion "1"]
[SourceVersionDate "2023.07.31"]
[SourceQuality "1"]
[WhiteTeam "Vandoeuvre"]
[BlackTeam "Metz Fischer"]
[WhiteTeamCountry "FRA"]
[BlackTeamCountry "FRA"]

1. e4 c5 2. b3 Nc6 3. Bb2 e6 4. Nf3 a6 5. g3 d6 6. Bg2 Nf6 7. Qe2 Be7 8. 0-0 0-0 9. c4 Rb8 10. d4 cxd4 11. Nxd4 Nd7 12. Nxc6 bxc6 13. Nc3 Qc7 14. f4 Bf6 15. Rad1 Bb7 16. Kh1 Rbd8 17. g4 c5 18. g5 Bd4 19. Na4 e5 20. f5 Bxb2 21. Nxb2 f6 22. gxf6 Rxf6 23. Rd3 Nb8 24. Rg3 Nc6 25. Nd1 Nd4 26. Qg4 Rd7 27. Rg1 Rdf7 28. Nc3 Kf8 29. Nd5 Bxd5 30. cxd5 Qa5 31. Bf1 Qxa2 32. Qh4 Qf2 33. Qg4 Rh6 34. R3g2 Qh4 35. Bxa6 Qxg4 36. Rxg4 Ra7 37. Ra1 Rh3 38. Rg3 Rxg3 39. hxg3 Nxb3 40. Rb1 Nd2 41. Rb8+ Ke7 42. Bb5 Nxe4 43. Kg2 Ra3 44. Rb7+ Kf6 45. Be8 Rxg3+ 46. Kh2 g6 47. Rxh7 gxf5 48. Rf7+ Kg5 49. Bd7 Rf3 50. Bb5 Kf4 51. Bd7 Ke3 52. Kg2 Rf2+ 53. Kg1 f4 54. Bf5 Rd2 55. Ra7 Rxd5 56. Ra3+ Rd3 57. Ra4 Nc3 58. Rc4 Ne2+ 59. Kh2 Rd4 0-1

[Event "FRA-chT Top 16 GpA"]
[Site "Chartres"]
[Date "2023.06.03"]
[Round "3.2"]
[White "Philippe, Christophe"]
[Black "Maze, Sebastien"]
[Result "0-1"]
[WhiteElo "2347"]
[BlackElo "2539"]
[PlyCount "120"]
[EventDate "2023.06.01"]
[EventType "team-tourn"]
[EventRounds "7"]
[EventCountry "FRA"]
[SourceTitle "CBM 214 Extra"]
[Source "ChessBase"]
[SourceDate "2023.07.31"]
[SourceVersion "1"]
[SourceVersionDate "2023.07.31"]
[SourceQuality "1"]
[WhiteTeam "Vandoeuvre"]
[BlackTeam "Bischwiller"]
[WhiteTeamCountry "FRA"]
[BlackTeamCountry "FRA"]

1. d4 Nf6 2. Nf3 g6 3. Bg5 Bg7 4. Nbd2 d5 5. e3 0-0 6. Be2 Nbd7 7. 0-0 c5 8. c3 b6 9. h3 Bb7 10. a4 a6 11. b4 c4 12. Qc2 b5 13. axb5 axb5 14. Rxa8 Qxa8 15. Qb2 Bc6 16. Ra1 Qb7 17. Ra5 h6 18. Bf4 Ne4 19. Qa3 Ra8 20. Nxe4 dxe4 21. Ne5 Nxe5 22. Bxe5 Bxe5 23. Rxa8+ Qxa8 24. Qxa8+ Bxa8 25. dxe5 Kf8 26. f4 exf3 27. gxf3 Ke8 28. f4 Be4 29. Kf2 f6 30. exf6 exf6 31. h4 Ke7 32. Bg4 Kd6 33. Bh3 Bh1 34. Bg4 Bc6 35. Bh3 g5 36. hxg5 fxg5 37. Kg3 Ke7 38. Bc8 Kf6 39. Kg4 Be8 40. fxg5+ hxg5 41. Bb7 Bd7+ 42. Kg3 Ke5 43. Bf3 Kd6 44. Be4 Be6 45. Bg6 Ke7 46. Be4 Bd7 47. Bf3 Kd6 48. Be4 Bc8 49. Bg6 Be6 50. Be4 Bc8 51. Bg6 Ke5 52. Be8 Ke4 53. Bxb5 Kd3 54. Bc6 Kxc3 55. b5 Kb4 56. b6 c3 57. Be4 Kc5 58. b7 Bxb7 59. Bf5 Kd6 60. Kg4 Bc8 0-1

[Event "Oberliga Sued W 2122"]
[Site "Germany"]
[Date "2022.04.03"]
[Round "8.1"]
[White "Leuranguer, Yannick"]
[Black "Philippe, Christophe"]
[Result "0-1"]
[WhiteElo "2245"]
[BlackElo "2374"]
[PlyCount "52"]
[EventDate "2021.10.24"]
[EventType "team-tourn"]
[EventRounds "9"]
[EventCountry "GER"]
[SourceTitle "EXT 2023"]
[Source "ChessBase"]
[SourceDate "2022.10.05"]
[SourceVersion "1"]
[SourceVersionDate "2022.10.05"]
[SourceQuality "1"]
[WhiteTeam "Landau"]
[BlackTeam "Saarbruecken"]
[WhiteTeamCountry "GER"]
[BlackTeamCountry "GER"]

1. e4 Nf6 2. e5 Nd5 3. d4 d6 4. Nf3 g6 5. Ng5 f6 6. Bc4 dxe5 7. dxe5 c6 8. exf6 exf6 9. Qe2+ Qe7 10. Ne4 Be6 11. 0-0 Nd7 12. Re1 0-0-0 13. Nxf6 N7xf6 14. Qxe6+ Qxe6 15. Rxe6 Bc5 16. Bg5 Rhf8 17. Bxf6 Nxf6 18. Nc3 Rd4 19. Bd3 Ng4 20. Ne4 Rxe4 21. Bxe4 Rxf2 22. Kh1 Re2 23. Bf5 Nf2+ 24. Kg1 Ne4+ 25. Kf1 Rf2+ 26. Ke1 gxf5 0-1

[Event "Oberliga Sued W 2122"]
[Site "Germany"]
[Date "2022.03.13"]
[Round "7.1"]
[White "Aditya, Pai"]
[Black "Philippe, Christophe"]
[Result "0-1"]
[WhiteElo "1575"]
[BlackElo "2374"]
[PlyCount "46"]
[EventDate "2021.10.24"]
[EventType "team-tourn"]
[EventRounds "9"]
[EventCountry "GER"]
[SourceTitle "EXT 2023"]
[Source "ChessBase"]
[SourceDate "2022.10.05"]
[SourceVersion "1"]
[SourceVersionDate "2022.10.05"]
[SourceQuality "1"]
[WhiteTeam "St Ingbert"]
[BlackTeam "Saarbruecken"]
[WhiteTeamCountry "GER"]
[BlackTeamCountry "GER"]

1. e4 c5 2. Nf3 Nc6 3. c3 Nf6 4. e5 Nd5 5. d4 cxd4 6. cxd4 d6 7. Bc4 e6 8. 0-0 Be7 9. Nbd2 0-0 10. Ne4 dxe5 11. dxe5 b6 12. Qe2 Na5 13. Bd3 Nb4 14. Nf6+ gxf6 15. Bxh7+ Kxh7 16. exf6 Bxf6 17. Ng5+ Bxg5 18. Qh5+ Kg7 19. Bxg5 Rh8 20. Qg4 f6 21. Bh6+ Kxh6 22. f4 Qg8 23. Qf3 Bb7 0-1

[Event "FRA-chT Top 12"]
[Site "Chalons en Champagne"]
[Date "2021.07.03"]
[Round "10.5"]
[White "Ragger, Markus"]
[Black "Philippe, Christophe"]
[Result "1-0"]
[WhiteElo "2680"]
[BlackElo "2386"]
[PlyCount "55"]
[EventDate "2021.06.24"]
[EventType "team-tourn"]
[EventRounds "11"]
[EventCountry "FRA"]
[SourceTitle "CBM 203 Extra"]
[Source "ChessBase"]
[SourceDate "2021.09.30"]
[SourceVersion "1"]
[SourceVersionDate "2021.09.30"]
[SourceQuality "1"]
[WhiteTeam "Bischwiller"]
[BlackTeam "Vandoeuvre"]
[WhiteTeamCountry "FRA"]
[BlackTeamCountry "FRA"]

1. e4 g6 2. d4 c6 3. Nf3 d5 4. e5 Bg4 5. Nbd2 c5 6. dxc5 Nc6 7. h3 Bxf3 8. Nxf3 Bg7 9. Bd3 Qc7 10. 0-0 e6 11. Bf4 Nge7 12. Re1 0-0 13. Qd2 a5 14. c3 Rfd8 15. Nd4 a4 16. Nb5 Qa5 17. Bg5 Rd7 18. Qf4 d4 19. cxd4 Nf5 20. Nd6 Nfxd4 21. Rac1 b6 22. Bf6 Bf8 23. cxb6 Qxb6 24. Be4 Ra6 25. Qd2 Qb8 26. Rc4 Bxd6 27. exd6 Rxd6 28. Bxd4 1-0

[Event "FRA-chT Top 16 La Bourdonnais"]
[Site "Playchess.com INT"]
[Date "2021.01.09"]
[Round "3"]
[White "Micottis, Dorian"]
[Black "Philippe, Christophe"]
[Result "0-1"]
[WhiteElo "2223"]
[BlackElo "2386"]
[PlyCount "118"]
[EventDate "2021.01.09"]
[EventType "team-tourn (rapid)"]
[EventRounds "12"]
[EventCountry "FRA"]
[SourceTitle "CBM 200 Extra"]
[Source "ChessBase"]
[SourceDate "2021.03.31"]
[SourceVersion "1"]
[SourceVersionDate "2021.03.31"]
[SourceQuality "1"]
[WhiteTeam "Metz Fischer"]
[BlackTeam "Vandoeuvre"]
[WhiteTeamCountry "FRA"]
[BlackTeamCountry "FRA"]

1. Nf3 c5 2. e4 e6 3. d3 Nc6 4. g3 d6 5. Bg2 Nf6 6. 0-0 Be7 7. Re1 0-0 8. c3 e5 9. d4 cxd4 10. cxd4 Bg4 11. dxe5 dxe5 12. Qxd8 Rfxd8 13. Nc3 Rd3 14. Be3 Rad8 15. h3 Bxf3 16. Bxf3 Nb4 17. Rad1 Nc2 18. Rxd3 Rxd3 19. Rd1 Rxd1+ 20. Nxd1 Nxe3 21. Nxe3 Bc5 22. Nc4 Bd4 23. b3 Kf8 24. Kf1 Ke7 25. Na5 b5 26. Nc6+ Kd6 27. Nxd4 exd4 28. Ke2 Kc5 29. Kd3 Nd7 30. Bg2 Ne5+ 31. Kd2 g5 32. a3 b4 33. a4 h5 34. f4 gxf4 35. gxf4 Ng6 36. f5 Nf4 37. Bf3 Kd6 38. h4 Ke5 39. Kc2 d3+ 40. Kd2 Kd4 41. Bh1 Ne2 42. Bf3 Ng3 43. e5 Kxe5 44. Kxd3 Kf4 45. Bd1 Kxf5 46. Kc4 Ke4 47. Kxb4 f5 48. Ka5 f4 49. Ka6 Ke3 50. b4 Ne2 51. Bb3 f3 52. Bd5 f2 53. Bg2 Nf4 54. Bf1 Kd2 55. b5 Ke1 56. Kxa7 Kxf1 57. b6 Ne6 58. b7 Nd8 59. b8Q Nc6+ 0-1

[Event "FRA-chT Top 16 La Bourdonnais"]
[Site "Playchess.com INT"]
[Date "2021.01.09"]
[Round "10"]
[White "Riff, Jean Noel"]
[Black "Philippe, Christophe"]
[Result "1-0"]
[WhiteElo "2499"]
[BlackElo "2386"]
[PlyCount "55"]
[EventDate "2021.01.09"]
[EventType "team-tourn (rapid)"]
[EventRounds "12"]
[EventCountry "FRA"]
[SourceTitle "CBM 200 Extra"]
[Source "ChessBase"]
[SourceDate "2021.03.31"]
[SourceVersion "1"]
[SourceVersionDate "2021.03.31"]
[SourceQuality "1"]
[WhiteTeam "Mulhouse"]
[BlackTeam "Vandoeuvre"]
[WhiteTeamCountry "FRA"]
[BlackTeamCountry "FRA"]

1. e4 c5 2. Nf3 e6 3. d4 cxd4 4. Nxd4 Nc6 5. Nc3 a6 6. Be2 Nf6 7. 0-0 d6 8. Be3 Be7 9. f4 0-0 10. Kh1 Bd7 11. a4 Nxd4 12. Bxd4 Bc6 13. Qd3 Qc7 14. Qg3 g6 15. Bd3 Nd7 16. Rae1 e5 17. Be3 Bf6 18. f5 b5 19. fxg6 fxg6 20. axb5 axb5 21. Nxb5 Bxb5 22. Bxb5 Nc5 23. Bc4+ Kg7 24. Bd5 Rab8 25. Qh3 h5 26. Bc1 Qe7 27. Qe3 Bh4 28. Qh6# 1-0

[Event "Oberliga Sued W 1819"]
[Site "Germany"]
[Date "2018.12.16"]
[Round "4.1"]
[White "Philippe, Christophe"]
[Black "Bruehl, Andreas"]
[Result "1/2-1/2"]
[WhiteElo "2375"]
[BlackElo "2312"]
[PlyCount "86"]
[EventDate "2018.10.21"]
[EventType "team-tourn"]
[EventRounds "9"]
[EventCountry "GER"]
[SourceTitle "EXT 2020"]
[Source "ChessBase"]
[SourceDate "2019.10.17"]
[SourceVersion "1"]
[SourceVersionDate "2019.10.17"]
[SourceQuality "1"]
[WhiteTeam "Saarbruecken SVG"]
[BlackTeam "Altenkirchen"]
[WhiteTeamCountry "GER"]
[BlackTeamCountry "GER"]

1. d4 d5 2. Nf3 Nf6 3. Bg5 Ne4 4. Bh4 c6 5. e3 Qb6 6. Qc1 Bf5 7. Be2 Nd7 8. Nbd2 e6 9. 0-0 f6 10. Nxe4 Bxe4 11. Nd2 Bg6 12. c4 Be7 13. c5 Qc7 14. b4 0-0 15. a4 Rfe8 16. Qc3 e5 17. Bg3 Qc8 18. Rfe1 Bd8 19. Bd3 Bxd3 20. Qxd3 e4 21. Qb3 Bc7 22. b5 f5 23. a5 a6 24. bxc6 bxc6 25. Reb1 Rb8 26. Qa4 Rb5 27. Rxb5 axb5 28. Qd1 Bxg3 29. hxg3 Nb8 30. Qh5 Na6 31. Kf1 Rf8 32. Ke2 Nb4 33. Nb3 Qa6 34. Rh1 h6 35. Qg6 Nc2 36. Rxh6 b4+ 37. Kd2 Qd3+ 38. Kc1 Qxb3 39. Qh7+ Kf7 40. Qxf5+ Kg8 41. Qe6+ Rf7 42. Qe8+ Rf8 43. Qe6+ Rf7 1/2-1/2

[Event "Oberliga Sued W 1718"]
[Site "Germany"]
[Date "2017.10.08"]
[Round "2.2"]
[White "Philippe, Christophe"]
[Black "Gross, Georg"]
[Result "1-0"]
[WhiteElo "2380"]
[BlackElo "2237"]
[PlyCount "95"]
[EventDate "2017.09.10"]
[EventType "team-tourn"]
[EventRounds "11"]
[EventCountry "GER"]
[SourceTitle "EXT 2019"]
[Source "ChessBase"]
[SourceDate "2018.10.10"]
[SourceVersion "1"]
[SourceVersionDate "2018.10.10"]
[SourceQuality "1"]
[WhiteTeam "Saarbruecken SVG"]
[BlackTeam "Saarbruecken Gambit"]
[WhiteTeamCountry "GER"]
[BlackTeamCountry "GER"]

1. d4 Nc6 2. Nf3 d5 3. Bf4 Bg4 4. e3 e6 5. Be2 Bd6 6. Ne5 Bxe2 7. Qxe2 Nge7 8. Nc3 f6 9. Nxc6 Nxc6 10. Qh5+ g6 11. Qh3 Qe7 12. 0-0-0 Na5 13. Bxd6 Qxd6 14. e4 0-0 15. exd5 exd5 16. Qf3 c6 17. h4 Nc4 18. Nb1 a5 19. h5 g5 20. Rhe1 Rae8 21. b3 Nb6 22. Qf5 Qd7 23. Qxd7 Nxd7 24. c4 dxc4 25. bxc4 Nb6 26. Na3 Rxe1 27. Rxe1 Rd8 28. Rd1 Kg7 29. Kc2 f5 30. Rb1 Nd7 31. Rxb7 Kh6 32. Rc7 Nb8 33. Kc3 Rd7 34. Rc8 Rb7 35. c5 Kxh5 36. Nc4 a4 37. Na5 Rb1 38. Nxc6 Na6 39. Ra8 Nc7 40. Rxa4 Rc1+ 41. Kd2 Rg1 42. Ra7 Ne6 43. Re7 Nf4 44. g3 Nd5 45. Rxh7+ Kg6 46. Rd7 Nf6 47. Ne5+ Kh6 48. c6 1-0

[Event "Oberliga Sued W 1718"]
[Site "Germany"]
[Date "2017.09.10"]
[Round "1.2"]
[White "Kling, Felix"]
[Black "Philippe, Christophe"]
[Result "0-1"]
[WhiteElo "2243"]
[BlackElo "2380"]
[PlyCount "120"]
[EventDate "2017.09.10"]
[EventType "team-tourn"]
[EventRounds "11"]
[EventCountry "GER"]
[SourceTitle "EXT 2019"]
[Source "ChessBase"]
[SourceDate "2018.10.10"]
[SourceVersion "1"]
[SourceVersionDate "2018.10.10"]
[SourceQuality "1"]
[WhiteTeam "Gau Algesheim"]
[BlackTeam "Saarbruecken SVG"]
[WhiteTeamCountry "GER"]
[BlackTeamCountry "GER"]

1. d4 Nf6 2. Nf3 c5 3. d5 e6 4. Nc3 d6 5. e4 exd5 6. Nxd5 Nxd5 7. Qxd5 Nc6 8. Bc4 Be6 9. Qd3 Be7 10. c3 Qd7 11. Bf4 Bxc4 12. Qxc4 Qe6 13. Qxe6 fxe6 14. 0-0-0 0-0-0 15. Bg5 h6 16. Bxe7 Nxe7 17. Nd2 Rhf8 18. f3 Ng6 19. Nc4 d5 20. exd5 exd5 21. Ne3 d4 22. cxd4 cxd4 23. Ng4 Rfe8 24. g3 h5 25. Nf2 Ne5 26. f4 Nf3 27. Rd3 Re3 28. h3 Rde8 29. Rhd1 R8e6 30. h4 Rg6 31. Ne4 Rc6+ 32. Kb1 Rxe4 33. Rxf3 Kd7 34. Rfd3 Rd6 35. Kc2 Ke6 36. f5+ Kxf5 37. Rf1+ Ke6 38. Rf8 Rd7 39. Rdf3 Re2+ 40. Kd3 Rxb2 41. R8f4 Rxa2 42. Re4+ Kd6 43. Rxd4+ Kc6 44. Rxd7 Kxd7 45. Rf7+ Kc6 46. Rxg7 a5 47. Kc3 Ra3+ 48. Kb2 Rf3 49. g4 hxg4 50. Rxg4 Rh3 51. Rg5 a4 52. h5 b5 53. Rf5 Kb6 54. Rf6+ Ka5 55. h6 Rh5 56. Rg6 b4 57. Rf6 Rh2+ 58. Kb1 a3 59. h7 Rxh7 60. Ka2 Rh2+ 0-1

[Event "Oberliga Sued W 1617"]
[Site "Germany"]
[Date "2016.12.04"]
[Round "4.1"]
[White "Philippe, Christophe"]
[Black "Sulskis, Sarunas"]
[Result "1/2-1/2"]
[WhiteElo "2372"]
[BlackElo "2519"]
[PlyCount "81"]
[EventDate "2016.09.25"]
[EventType "team-tourn"]
[EventRounds "9"]
[EventCountry "GER"]
[SourceTitle "EXT 2018"]
[Source "ChessBase"]
[SourceDate "2017.10.13"]
[SourceVersion "1"]
[SourceVersionDate "2017.10.13"]
[SourceQuality "1"]
[WhiteTeam "Saarbruecken SVG"]
[BlackTeam "Koblenz"]
[WhiteTeamCountry "GER"]
[BlackTeamCountry "GER"]

1. e4 e6 2. d4 d5 3. Nc3 Bb4 4. Bd3 dxe4 5. Bxe4 Nf6 6. Bf3 0-0 7. Nge2 e5 8. dxe5 Qxd1+ 9. Kxd1 Ng4 10. Bxg4 Bxg4 11. f3 Rd8+ 12. Bd2 Bf5 13. Kc1 Nc6 14. a3 Bc5 15. Bf4 Rd7 16. b4 Be7 17. g4 Be6 18. Kb2 f6 19. exf6 Bxf6 20. Rad1 Rf7 21. g5 Bxc3+ 22. Kxc3 b5 23. Nd4 Bd5 24. Nxc6 Bxc6 25. Rd4 Raf8 26. Be3 Rxf3 27. Re1 Rh3 28. Re2 Re8 29. Kd2 Bf3 30. Rf2 Bh5 31. Rd3 Bg6 32. Rc3 Rd8+ 33. Kc1 a6 34. Bd2 Rxc3 35. Bxc3 Rd5 36. h4 c5 37. bxc5 Rxc5 38. Bb4 Rc8 39. c3 Re8 40. Rf4 Bf7 41. Rd4 1/2-1/2

[Event "Oberliga Sued W 1617"]
[Site "Germany"]
[Date "2016.11.20"]
[Round "3.1"]
[White "Winterberg, Lukas"]
[Black "Philippe, Christophe"]
[Result "1/2-1/2"]
[WhiteElo "2400"]
[BlackElo "2372"]
[PlyCount "75"]
[EventDate "2016.09.25"]
[EventType "team-tourn"]
[EventRounds "9"]
[EventCountry "GER"]
[SourceTitle "EXT 2018"]
[Source "ChessBase"]
[SourceDate "2017.10.13"]
[SourceVersion "1"]
[SourceVersionDate "2017.10.13"]
[SourceQuality "1"]
[WhiteTeam "Heimbach Weis/Neuwied"]
[BlackTeam "Saarbruecken SVG"]
[WhiteTeamCountry "GER"]
[BlackTeamCountry "GER"]

1. e4 c5 2. Nf3 g6 3. d4 cxd4 4. Nxd4 Bg7 5. c4 Nc6 6. Nc2 d6 7. Be2 f5 8. exf5 Bxf5 9. Ne3 Nh6 10. Nxf5 Nxf5 11. 0-0 0-0 12. Nd2 Ncd4 13. Bd3 Kh8 14. Ne4 Qb6 15. Qg4 a5 16. Ng5 e5 17. Qh3 Bh6 18. Bxf5 Nxf5 19. Ne6 Rf6 20. Bxh6 Rxe6 21. Be3 Qc6 22. Rac1 Rf6 23. Rfd1 Raf8 24. Rd2 Qe4 25. b3 a4 26. Rcd1 axb3 27. axb3 Ra8 28. Bg5 Rf7 29. c5 dxc5 30. Qc3 Nd4 31. Qxc5 Nxb3 32. Qd5 Qxd5 33. Rxd5 Kg7 34. Rxe5 Ra5 35. Rxa5 Nxa5 36. Bd2 Nc6 37. Bc3+ Kf8 38. f3 1/2-1/2

[Event "FRA-chT Top 12"]
[Site "Drancy"]
[Date "2016.06.06"]
[Round "10.6"]
[White "Riff, Jean Noel"]
[Black "Philippe, Christophe"]
[Result "1-0"]
[WhiteElo "2506"]
[BlackElo "2386"]
[PlyCount "61"]
[EventDate "2016.05.28"]
[EventType "team-tourn"]
[EventRounds "11"]
[EventCountry "FRA"]
[SourceTitle "CBM 172 Extra"]
[Source "ChessBase"]
[SourceDate "2016.06.21"]
[SourceVersion "1"]
[SourceVersionDate "2016.06.21"]
[SourceQuality "1"]
[WhiteTeam "Mulhouse Philidor"]
[BlackTeam "Vandoeuvre"]
[WhiteTeamCountry "FRA"]
[BlackTeamCountry "FRA"]

1. e4 c5 2. Nf3 e6 3. d4 cxd4 4. Nxd4 Nc6 5. Nc3 d6 6. Be2 Nf6 7. 0-0 Be7 8. Kh1 0-0 9. f4 a6 10. Nxc6 bxc6 11. e5 dxe5 12. fxe5 Nd7 13. Bf4 Rb8 14. b3 Bb7 15. Qd3 Qc7 16. Ne4 Nc5 17. Nxc5 Bxc5 18. Qg3 Rfd8 19. Bd3 Bf8 20. Bg5 Rd4 21. Rf2 c5 22. Raf1 Qc6 23. Rxf7 Qxg2+ 24. Qxg2 Bxg2+ 25. Kxg2 Rg4+ 26. Kh1 Rxg5 27. Bxa6 Rxe5 28. Bc4 g6 29. a4 Bh6 30. a5 Ra8 31. a6 1-0

[Event "Oberliga Sued W 1516"]
[Site "Germany"]
[Date "2015.12.13"]
[Round "4.2"]
[White "Philippe, Christophe"]
[Black "Hammes, Michael"]
[Result "1/2-1/2"]
[WhiteElo "2389"]
[BlackElo "2345"]
[PlyCount "112"]
[EventDate "2015.09.20"]
[EventType "team-tourn"]
[EventRounds "9"]
[EventCountry "GER"]
[SourceTitle "CBM 170 Extra"]
[Source "ChessBase"]
[SourceDate "2016.02.25"]
[SourceVersion "1"]
[SourceVersionDate "2016.02.25"]
[SourceQuality "1"]
[WhiteTeam "Saarbruecken SVG"]
[BlackTeam "Koblenz"]
[WhiteTeamCountry "GER"]
[BlackTeamCountry "GER"]

1. e4 e6 2. d4 d5 3. Nc3 Bb4 4. Bd3 dxe4 5. Bxe4 Nf6 6. Bf3 Nbd7 7. Nge2 0-0 8. 0-0 e5 9. Bg5 Be7 10. Ng3 h6 11. Be3 exd4 12. Bxd4 Bc5 13. Nf5 c6 14. Re1 Bxd4 15. Qxd4 Nb6 16. Ne7+ Kh8 17. Qb4 Re8 18. Rad1 Qc7 19. Nxc8 Raxc8 20. g3 Kg8 21. Kg2 Nbd7 22. Ne4 Nxe4 23. Rxe4 Nf6 24. Rf4 Rcd8 25. Rxd8 Rxd8 26. c4 b6 27. c5 Nd5 28. Bxd5 Rxd5 29. Re4 Rd8 30. Qc3 Qd7 31. cxb6 axb6 32. a4 Qd5 33. Qf3 Kf8 34. Rb4 b5 35. axb5 cxb5 36. h4 h5 37. Qe4 g6 38. Qf3 Rd7 39. Qe4 Rd8 40. Qf3 Rd7 41. Re4 f5 42. Rb4 Ke7 43. Qxd5 Rxd5 44. Kf3 Kd6 45. Kf4 Kc5 46. Rb3 Rd4+ 47. Kg5 Rd6 48. Kh6 b4 49. Rf3 Kc4 50. b3+ Kd4 51. Kg7 Rb6 52. Kf7 Ra6 53. Re3 Rc6 54. Kg7 Rb6 55. Kf7 Rc6 56. Kg7 Rb6 1/2-1/2

[Event "Oberliga Sued W 1516"]
[Site "Germany"]
[Date "2015.11.08"]
[Round "2.2"]
[White "Schmidt, Johannes"]
[Black "Philippe, Christophe"]
[Result "1/2-1/2"]
[WhiteElo "2231"]
[BlackElo "2389"]
[PlyCount "43"]
[EventDate "2015.09.20"]
[EventType "team-tourn"]
[EventRounds "9"]
[EventCountry "GER"]
[SourceTitle "CBM 170 Extra"]
[Source "ChessBase"]
[SourceDate "2016.02.25"]
[SourceVersion "1"]
[SourceVersionDate "2016.02.25"]
[SourceQuality "1"]
[WhiteTeam "Illingen Turm"]
[BlackTeam "Saarbruecken SVG"]
[WhiteTeamCountry "GER"]
[BlackTeamCountry "GER"]

1. e4 c5 2. Nf3 e6 3. d4 cxd4 4. Nxd4 Nc6 5. Nc3 a6 6. Nxc6 bxc6 7. Bd3 d5 8. 0-0 Nf6 9. Re1 Be7 10. e5 Nd7 11. Qg4 g6 12. Bh6 Rb8 13. Nd1 Rb4 14. c4 Nc5 15. Bf1 a5 16. Qh3 Bf8 17. Bxf8 Kxf8 18. Qh6+ Kg8 19. Ne3 Qf8 20. Qf4 h5 21. Rac1 Qe7 22. Rc2 1/2-1/2